000 02608namaa2200505uu 4500
001 oapen29725
003 oapen
005 20251217011852.0
006 a||||fo|||||||||0|
007 cr|mn|---annan
008 240424s2016a||||fo|||||||||0|eng d
014 _a1051781972
_bOCoLC
020 _a9783451311031
035 _a(OCoLC)1051781972
040 _aoapen
_coapen
041 0 _aeng
041 0 _ager
042 _adc
072 7 _aQ
_2thema
072 7 _aQR
_2thema
072 7 _aQRM
_2thema
100 1 _aBauer, Thomas Johann
_4aut
245 1 0 _aTraditio et Translatio
_bStudien zur lateinischen Bibel zu Ehren von Roger Gryson
260 _bHerder
_c2016
300 _a1 online resource (220 p.)
336 _atext
_btxt
_2rdacontent
337 _acomputer
_bc
_2rdamedia
338 _aonline resource
_bcr
_2rdacarrier
490 1 _aVetus Latina
_v40
506 0 _aFree-to-read
_fUnrestricted online access
_2star
520 _aDie Beiträge des Bandes vermitteln einen Einblick in die unterschiedlichen Facetten der Arbeit des Vetus Latina-Instituts Beuron , das zwischen 1999 und 2014 von Roger Gryson geleitet und durch seine Persönlichkeit nachhaltig geprägt wurde. Sie dokumentieren das vielfältige Bemühen und die Sorge des Instituts und seiner Mitarbeiterinnen und Mitarbeiter nicht nur um die Reste der altlateinische Bibel, sondern auch um traditio und translatio. Das Institut weiß, wie viel es auf diesem Gebiet Roger Gryson schuldet und verdankt und widmet ihm die vorliegende Festschrift.
520 _aThe contributions of the volume give an insight into the different facets of the work of the Vetus Latina Institute Beuron, which was conducted between 1999 and 2014 by Roger Gryson and shaped by his personality. They document the manifold effort and concern of the institute and its staff not only for the remains of the Old Latin Bible, but also for traditio and translatio. The Institute knows how much it owes and owes to Roger Gryson in this field and devotes the present Festschrift to him.
536 _aFunded by: FP7 Ideas: European Research Council
540 _aOpen licence
_0https://oapen.org/article/rights
546 _aeng
546 _ager
650 7 _aChristianity.
_2bicssc
650 7 _aChristianity
_2thema
650 7 _aPhilosophy and Religion
_2thema
650 7 _aReligion and beliefs
_2thema
653 _aBiblical studies
700 1 _aBauer, Thomas Johann
_4edt
793 0 _aOAPEN Library.
856 4 0 _uhttps://library.oapen.org/handle/20.500.12657/29725
_zFree-to-read: OAPEN Library/DOAB: description of the publication
_70
999 _c37238
_d37238